| 000 | 00741nam a2200205 4500 | ||
|---|---|---|---|
| 001 | 117749 | ||
| 003 | ES-MaACL | ||
| 005 | 20230906190949.0 | ||
| 007 | t| | ||
| 008 | 070214s1948 sp r ||||1| spa d | ||
| 100 | 1 |
_aPeers, E. Allison. _989958 |
|
| 245 | 1 | 0 |
_aMadre del Carmelo _b: (retrato de Santa Teresa de Jesús) / _cE. Allison Peers ; traducción española de Esteban Pujals. |
| 260 |
_aMadrid : _bConsejo Superior de Investigaciones Científicas, _c1948. |
||
| 300 |
_a265 p. ; _c22 cm. |
||
| 600 | 0 | 0 |
_aTeresa de Jesús, _cSanta, _d1515-1582 _9226510 |
| 700 | 1 |
_aPujals, Esteban. _994322 |
|
| 710 | 2 |
_aConsejo Superior de Investigaciones Científicas (España) _93236 |
|
| 852 |
_aES-MaACL _jB-12747 |
||
| 999 |
_c117749 _d117749 |
||